| 000 | 01403nam a22001937a 4500 | ||
|---|---|---|---|
| 003 | CUTN | ||
| 005 | 20250704151956.0 | ||
| 008 | 250326b |||||||| |||| 00| 0 eng d | ||
| 020 | _a9781071631287 | ||
| 041 | _aEnglish | ||
| 082 |
_a538.362 _bATT _223 |
||
| 100 | _aAtta-Ur-Rahman | ||
| 245 |
_aNuclear Magnetic Resonance : _bBasic Principles / _cAtta-Ur-Rahman |
||
| 260 |
_bSpringer, _cr 2023. _aNew York: |
||
| 300 |
_aix, 358 p.: _bill.; _c 20.3 x 25.4 x 4.7 cm. |
||
| 520 | _aWe are new to the on-line trade but with solid experience of two decades, we carry large stocks of books on various subjects in our show room. The subjects we carry in stock are - Academic, Ancient & Classical Art, Archaeology, Architecture, Art History, Astrology, Auto- biographies, Books from India, Biology, Biographies, Computer Science, Dictionaries, Decorative Art, Design, Economics, Ethnic Arts & Crafts, Fashion & Jewellery, Gardens & Landscape Design, Geography, Graphics, History, Homeopathy, Karma, Language, Law, Linguistics, Medicine, Modern & Contemporary Art, Music & Performing Art, Mythology & Religion, Numismatics, Philately, Pleasure, Political Science, Photography, Research, Science & Environment, Scientific, Style & Interiors, Technical, Terrorism, Textiles & Carpets, Travel & Topography, Western Art, Wildlife, Yoga. | ||
| 650 | _aNuclear magnetic resonance spectroscopy | ||
| 942 |
_2ddc _cBOOKS |
||
| 999 |
_c44122 _d44122 |
||